| 000 | 00000nam##2200000za#4500 |
| 001 | 9.635438 |
| 003 | CaOODSP |
| 005 | 20210624220245 |
| 007 | cr ||||||||||| |
| 008 | 150407|2007||||xxc|||||o f|0| 0 fre|d |
| 040 | |aCaOODSP|bfre |
| 043 | |an-cn--- |
| 086 | 1 |aNH15-433/2007F-PDF |
| 110 | 2 |aSociété canadienne d'hypothèques et de logement. |
| 245 | 10|aManuel sur la prévention des incendies dans les collectivités autochtones / |h[ressource électronique]|cPréparé par : InterINDigital Entertainment Inc. Avec l'aide de gordongroup |
| 260 | |aOttawa - Ontario : |bSociété canadienne d'hypothèques et de logement |cc2007. |
| 300 | |a56p.|bgraphiques, carte, tableaux, photographies |
| 500 | |aL'ISBN (978-0-662-07113-6) et le n° de catalogue (NH15-433/2007F) de l'édition imprimée ont été incorrectement copiés dans l'édition PDF. |
| 520 | 3 |aContient des études de cas, des techniques ainsi que des outils afin d'aider les pompiers volontaires et les gestionnaires d'habitations à améliorer les pratiques de prévention des incendies dans les collectivités autochtones. |
| 590 | |a08-22|b2008-05-30 |
| 691 | 07|aPrévention des incendies|2gcpds |
| 691 | 07|aAutochtones|2gcpds |
| 775 | 08|tFire prevention in aboriginal communities / |w(CaOODSP)9.691103 |
| 776 | 0#|tManuel sur la prévention des incendies dans les collectivités autochtones / |w(CaOODSP)9.683956 |
| 856 | 40|ahttp://publications.gc.ca|qPDF|s2.0 Mo|uhttps://publications.gc.ca/collections/collection_2008/cmhc-schl/NH15-433-2007F.pdf |